00379nam a22001218a 4500020001500000040000800015082002600023245007400049260005800123300000900181650002500190710004200215 a0195216784 cUKM04a338 OXF 2000 A070 Or.00aHuman development report 2000 :bhuman development and human rights / aNew York ;aOxford :bOxford University Press,c2000. a1 v. 4aEconomic development2 aUnited Nations Development Programme.